<?xml version="1.0" encoding="UTF-8"?><?xml-stylesheet type="text/xsl" href="static/style.xsl"?><OAI-PMH xmlns="http://www.openarchives.org/OAI/2.0/" xmlns:xsi="http://www.w3.org/2001/XMLSchema-instance" xsi:schemaLocation="http://www.openarchives.org/OAI/2.0/ http://www.openarchives.org/OAI/2.0/OAI-PMH.xsd"><responseDate>2026-04-14T06:53:06Z</responseDate><request verb="GetRecord" identifier="oai:www.recercat.cat:10230/35758" metadataPrefix="marc">https://recercat.cat/oai/request</request><GetRecord><record><header><identifier>oai:recercat.cat:10230/35758</identifier><datestamp>2025-12-22T13:35:00Z</datestamp><setSpec>com_2072_6</setSpec><setSpec>col_2072_452952</setSpec></header><metadata><record xmlns="http://www.loc.gov/MARC21/slim" xmlns:dcterms="http://purl.org/dc/terms/" xmlns:xsi="http://www.w3.org/2001/XMLSchema-instance" xmlns:doc="http://www.lyncode.com/xoai" xsi:schemaLocation="http://www.loc.gov/MARC21/slim http://www.loc.gov/standards/marcxml/schema/MARC21slim.xsd">
   <leader>00925njm 22002777a 4500</leader>
   <datafield ind2=" " ind1=" " tag="042">
      <subfield code="a">dc</subfield>
   </datafield>
   <datafield ind2=" " ind1=" " tag="720">
      <subfield code="a">Avegliano, Gustavo P.</subfield>
      <subfield code="e">author</subfield>
   </datafield>
   <datafield ind2=" " ind1=" " tag="720">
      <subfield code="a">Huguet, Marina</subfield>
      <subfield code="e">author</subfield>
   </datafield>
   <datafield ind2=" " ind1=" " tag="720">
      <subfield code="a">Costabel, Juan P.</subfield>
      <subfield code="e">author</subfield>
   </datafield>
   <datafield ind2=" " ind1=" " tag="720">
      <subfield code="a">Kuschnir, Paola</subfield>
      <subfield code="e">author</subfield>
   </datafield>
   <datafield ind2=" " ind1=" " tag="720">
      <subfield code="a">Thierer, Jorge</subfield>
      <subfield code="e">author</subfield>
   </datafield>
   <datafield ind2=" " ind1=" " tag="720">
      <subfield code="a">Alves de Lima, Alberto</subfield>
      <subfield code="e">author</subfield>
   </datafield>
   <datafield ind2=" " ind1=" " tag="720">
      <subfield code="a">Sánchez, Gustavo</subfield>
      <subfield code="e">author</subfield>
   </datafield>
   <datafield ind2=" " ind1=" " tag="720">
      <subfield code="a">Petit, Mario</subfield>
      <subfield code="e">author</subfield>
   </datafield>
   <datafield ind2=" " ind1=" " tag="720">
      <subfield code="a">Frangi Caregnato, Alejandro</subfield>
      <subfield code="e">author</subfield>
   </datafield>
   <datafield ind2=" " ind1=" " tag="720">
      <subfield code="a">Ronderos, Ricardo</subfield>
      <subfield code="e">author</subfield>
   </datafield>
   <datafield ind2=" " ind1=" " tag="260">
      <subfield code="c">2018-11-15T08:49:19Z</subfield>
   </datafield>
   <datafield ind2=" " ind1=" " tag="260">
      <subfield code="c">2018-11-15T08:49:19Z</subfield>
   </datafield>
   <datafield ind2=" " ind1=" " tag="260">
      <subfield code="c">2011</subfield>
   </datafield>
   <datafield ind2=" " ind1=" " tag="520">
      <subfield code="a">El infarto de miocardio con coronarias angiográficamente normales tiene una prevalencia&#xd;
de aproximadamente el 7-10%. Muchas veces, el diagnóstico etiológico es dificultoso, y tiene&#xd;
importancia tanto en la clínica como en el pronóstico. El objetivo de nuestro estudio fue&#xd;
mostrar una serie consecutiva de pacientes con diagnóstico inicial de síndrome coronario&#xd;
agudo con elevación de troponina y ausencia de obstrucción arterial coronaria; en los cuales,&#xd;
la RM cardíaca (RMC) orientó al diagnóstico etiológico mediante la caracterización de la&#xd;
lesión miocárdica.&#xd;
Desde enero de 2005 hasta diciembre de 2009 ingresaron 720 pacientes consecutivos, con&#xd;
diagnóstico inicial de síndrome coronario agudo y troponinas positivas, de los cuales, 64 no&#xd;
presentaron lesiones coronarias angiográficamente significativas. A estos pacientes, luego&#xd;
del cateterismo (dentro de las 72 ± 24 hs) se les practicó RMC, realizándose secuencias de&#xd;
cine (b-SSFP) en eje corto, con 2, 3 y 4 cámaras para valorar la motilidad segmentaria, en&#xd;
secuencias potenciadas en T2 e imágenes de realce tardío del miocardio (RTM) con secuencia&#xd;
“inversión-recuperación”. De estos pacientes, 39 fueron diagnosticados de miocarditis; 12&#xd;
con infartos, 8 con síndrome de Takotsubo, 2 con miocardiopatía hipertrófica apical y solo 3&#xd;
casos quedaron sin diagnóstico.&#xd;
Estos hallazgos ponen de manifiesto la gran utilidad de la RMC en el escenario clínico de&#xd;
síndromes de dolor precordial, ECG no definitivos y troponinas elevadas con arterias angiográficamente&#xd;
normales. La presencia de RTM y su patrón de distribución permiten definir el&#xd;
diagnóstico etiológico y orientar a la interpretación del proceso fisiopatológico</subfield>
   </datafield>
   <datafield ind2=" " ind1=" " tag="520">
      <subfield code="a">The prevalence of myocardial infarction with angiographically&#xd;
normal coronary arteries is approximately 7-10%. The etiological&#xd;
diagnosis is sometimes difficult and is important in terms&#xd;
of clinical practice and prognosis. The goal of our study was to&#xd;
show a series of consecutive patients with an initial diagnosis&#xd;
of acute coronary syndrome with high troponin levels and absence&#xd;
of coronary artery obstruction in which cardiac magnetic&#xd;
resonance imaging (CMRI) gave a description of the myocardial&#xd;
lesion, orientating towards the etiological diagnosis.&#xd;
From January 2005 to December 2009, 720 consecutive&#xd;
patients with an initial diagnosis of acute coronary syndrome&#xd;
and elevated troponins were included; 64 of these patients&#xd;
did not present angiographically significant coronary artery&#xd;
stenosis. Within 72 ± 24 h after coronary angiography, these&#xd;
patients underwent CMRI using b-SSFP sequences for cine&#xd;
imaging in short-axis, 2-, 3- and 4- chamber views for the&#xd;
evaluation of segmental wall motion, with T2-weighted and&#xd;
delayed enhancement (DE) images of the myocardium with an “inversion-recovery” sequence. The following diagnoses&#xd;
were made: myocarditis (39 patients); myocardial infarction&#xd;
(12 patients); Tako-Tsubo syndrome (8 patients); apical hypertrophic&#xd;
cardiomyopathy (2 patients); 3 patients remained&#xd;
without diagnosis.&#xd;
These findings demonstrate the usefulness of CMRI in&#xd;
the clinical scenario of patients with chest pain, inconclusive&#xd;
ECG findings and high troponin levels with angiographically&#xd;
normal coronary arteries. The presence and distribution pattern&#xd;
of DE make it possible to define the etiological diagnosis&#xd;
and interpret the physiopathological process.</subfield>
   </datafield>
   <datafield tag="653" ind2=" " ind1=" ">
      <subfield code="a">Infarto</subfield>
   </datafield>
   <datafield tag="653" ind2=" " ind1=" ">
      <subfield code="a">Resonancia magnética</subfield>
   </datafield>
   <datafield tag="653" ind2=" " ind1=" ">
      <subfield code="a">Miocarditis</subfield>
   </datafield>
   <datafield tag="653" ind2=" " ind1=" ">
      <subfield code="a">Infarction</subfield>
   </datafield>
   <datafield tag="653" ind2=" " ind1=" ">
      <subfield code="a">Magnetic Resonance Spectroscopy</subfield>
   </datafield>
   <datafield tag="653" ind2=" " ind1=" ">
      <subfield code="a">Myocarditis</subfield>
   </datafield>
   <datafield ind2="0" ind1="0" tag="245">
      <subfield code="a">Utilidad de la resonancia magnética cardíaca en la valoración de los pacientes con dolor torácico, troponinas elevadas y ausencia de obstrucción arterial coronaria</subfield>
   </datafield>
</record></metadata></record></GetRecord></OAI-PMH>